000 01027nam a2200313Ia 4500
003 OSt
005 20221006160553.0
006 a|||||r|||| 00| 0
007 ta
008 221006b |||||||| |||| 00| 0 eng d
020 _a9780231159005
_c
_35.00
024 _a45,520
037 _b5694, 13/03/2015, Orange Books International
_cTextual
040 _aEASL
_cEASL
_beng
041 _2eng
_aeng
082 _aV41:191.P1, Q3
100 _aRoy Denny
_9667364
245 0 _aReturn of the dragon
_b Rising China and regional security
260 _aNew York
_bColumbia University Press
_c2013
300 _a288p.
_ccm.
490 _v CEL
_aContemporary Asia in the world
650 _a CEL
650 _a China - International status
_9674182
650 _a National security - China
_9643548
650 _a Wolrld Politics
_9674183
650 _aChina - Foreign relations
942 _hV41:191.P1, Q3
_cTEXL
_2CC
999 _c1113612
_d1113612